Sonic Official Timeline - Statistics

General Stats
  • This quiz has been taken 37 times
  • The average score is 24 of 43
Answer Stats
Hint Answer % Correct
_____ defeats Dr. Eggman, who attacks South Island to steal the Chaos Emeralds, and prevents him from taking over the world. Sonic
96%
_____ is killed in a sudden GUN attack. Gerald, who has lost his mind due to his granddaughter's death, prepares to take revenge using the Space Colony ARK and the Ultimate Lifeform, but he is imprisoned and executed. Maria
88%
Dr. Eggman tricks ________ into giving the Master Emerald and plots to revive the Death Egg. However, Sonic, Tails, and Knuckles work together to destroy the Death Egg, and the Master Emerald is restored, aplowing Angel Island to rise into the sky once again. Knuckles
84%
Sonic defeated _____ _____ and rescued Amy on Little Planet, thus thwarting Dr. Eggman's ambitions. Metal Sonic
84%
Sonic and _____ work together to defeat Dr. Eggman, who attacks West Side Island. The destroyed space fortress, the Death Egg, crashes into Angel Island. Tails
84%
The _____ Arms drop a flying temple on Griffith on Earth as a preparation for their future invasion. Black
80%
The _______ tribe attacks the Temple of the Master Emerald to steal it, but their Chao companions are sacrificed and the Echidna tribe is wiped out by the enraged Chaos. Echidna
80%
Black Doom contacts Professor ______ and offers up his own DNA in exchange for guidance on how to invade Earth 50 years from now. The Ultimate Lifeform is then created from that DNA. Gerald
80%
Dr. Eggman unearths a gem with mysterious powers called the _______ Ruby, which sends Sonic, Tails, and Knuckles to various worlds. After being defeated by Sonic and his friends, the gem disappears across time and space into Modern Sonic's world (Sonic Forces). Phantom
80%
At some point Dark ____, which grew over millions of years, destroyed the Earth, and Light ____ healed it, repeating the same history. Gaia
76%
After saving the world with Modern Sonic, Sonic returns to his original time. He chases after the flying Ruby and discovers ______ and Ray who have been captured. Sonic rescues them, but one of them is a fake. Sonic saves his friends and defeats Dr. Eggman, who has once again obtained the Phantom Ruby, and world peace is once again secured. Mighty
76%
_____ ____ invades the Earth. Shadow, provoked by the alien to learn about his past, travels the world in search of the Chaos Emeralds. After many struggles, Shadow defeats _____ ____ and resolves to overcome his past and move forward. Black Doom
72%
_____ comes to Sonic's world from another dimension in pursuit of the stolen Sol Emeralds. Through her interactions with Amy and Cream and fighting alongside Sonic, she begins to trust Sonic and the others a little. They work together to defeat Dr. Eggman and Eggman Nega, and _____ recovers the Sol Emeralds and returns to her own world. Blaze
72%
Sonic meets _____ & Cheese and saves her with his friends. They rescue Vanilla who was kidnapped and defeat Dr. Eggman who was plotting to build Eggmanland again. Cream
72%
Dr. Eggman awakens _______ and tries to use him to take over the world, but ______ uses him instead to carry out the revenge plan left by Gerald. In the final stage of his revenge, he regains his true memories thanks to Amy. He cooperates with Sonic and saves the world at the cost of his own life. Shadow
72%
Mephiles tells ______, who is from the distant future, to defeat Sonic to save his future. Eggman kidnaps Elise to conquer the world, but Iblis gets released and Mephiles combines with him to form Solaris. The three super hedgehogs defeat Solaris and erase what happened, restoring peace. Silver
72%
In order to realize his ambitions, Dr. Eggman took the powers from Super Sonic, split the planet into seven, and forcibly awakened Dark Gaia. Sonic, along with the amnesiac ____, traveled to the Gaia Temple to restore the powered Chaos Emeralds and the world, regaining his powers and defeating Dark Gaia. Chip
64%
Dr. Eggman releases Chaos, who was sealed away in the Master Emerald, and tries to use it to take over the world. However, Chaos goes out of control and evolves into _______ Chaos. However, thanks to Sonic and the wishes of many people, the Chaos Emeralds, are restored, and Sonic transforms into Super Sonic and stops the rampant Chaos. Perfect
64%
Dr. Eggman finds the ____ _____, who can manipulate time and space. He uses its power to summon his past self and begin a plan to rewrite the timeline. Sonic is sucked into the ____ _____, and wakes up in White Space. He meets his classic self there, and they work together to restore the world and his friends, and defeat the two Eggmen. Time Eater
64%
Knuckles, meeting the ______, Heavy, and Bomb. Eggman uses the Dark Ring to power up Metal Sonic, but Knuckles and co. emerge victorious. Chaotix
60%
Dr. Eggman tries to reboot an ancient robot and use it to take over the world, but it doesn't work and he discards it. Sonic picks it up, names it _____, after the Emeralds, and raises it. Dr. Eggman tries to use him, but ends up causing the robot to go out of control. There is no way to stop him safely, and Sonic ends up defeating him. Emerl
60%
Dr. Eggman is hosting the Extreme Gear World's Fastest Competition. Sonic and his friends compete in a heated race against the Babylon Rogues, lead by ___, for a Chaos Emerald. However, the race is a trap set by Dr. Eggman to steal the treasures of the Babylon Temple. Jet
60%
Metal Sonic, now upgraded, rebels and imprisons Eggman, and under his name collects the biodata of every team to become Metal ________. Everyone pitches in to help and Super Sonic, Tails, and Knuckles finishes him off. Overlord
60%
A spaceship from far away space loses control, and the race that is the ancestor of the _______ Rogues crash lands on Earth. Babylon
56%
Eggman develops ______, a successor to the previous Gizoid. The robot takes the Chaos Emeralds from Eggman and betrays him, forcing Super Sonic and Eggman to work together to stop him. Gemerl
56%
Dr. Eggman takes over the planets where the ____ live and builds his Interstellar Amusement Park. He plans to steal the powerful energy of the aliens who live there and power a mind control ray. Sonic and his friends cooperate with the _____, even though they can't communicate with each other, and thwart Dr. Eggman's ambitions. Wisps
56%
The ________ take refuge on Earth with the Chaos Emeralds. A small number of their descendants escape to a place called Mystic Ruins and build a temple to the Master Emerald. Over the course of hundreds of thousands of years, they become the Chao. Ancients
52%
Dr. Eggman and the bounty hunter Fang invade the North Star Islands. They overwork and drag ____, who lives there, around. Sonic and his friends use the Emerald Powers to thwart Dr. Eggman & Fang’s evil deeds. Eggman then releases the Black Dragon, which Super Sonic defeats in the Last Story. Trip
48%
In an ancient civilization, combat robots called _______ are created, one of which is later named Emerl Gizoids
44%
Dr. Eggman creates an infinite army with the power of the newly acquired Ruby, and with ________ at his side, he takes control of 99% of the world. However, Dr. Eggman and his illusions are defeated by the Resistance formed by Classic Sonic, Sonic, and the “Avatar”. Peace is restored to the world. Infinite
44%
Black Doom is resurrected. When he reunites with Shadow in the White Space, he encourages him to unlock his ____ ______. Maria and Gerald are also resurrected. In the end, Black Doom attempts to absorb Shadow with all his Doom Powers, but he refuses. With Maria's wish in his heart, he defeats Black Doom. Doom Powers
40%
Dr. Eggman revives Metal Sonic. He launches the Death Egg Mk.II into the sky above ______ _______, where Sonic first clashed with Metal, and sets out to conquer the world. However, Sonic once again defeats Metal Sonic in a fierce battle, destroying the Death Egg Mk.II and dashing Dr. Eggman's ambitions. Little Planet
40%
Sonic goes into the world of King Arthur, and is asked for help by a girl named ______. She ends up betraying Sonic, but Sonic uses the Excalibur to defeat her. Merlina
40%
Dr. Eggman finds the Lost Hex, a mystical land where the ______ ___ live, and uses the conch shell, to enslave them and absorb life energy from the Earth. However, after losing the conch shell, the ______ ___ betray Dr. Eggman, steal the device and suck out all the life energy. Sonic and Dr. Eggman have no choice but to join forces. Deadly Six
36%
This is where the ___ Comics take place. Many arcs happen, such as Neo Metal Sonic returning and another extreme gear race. These are currently ongoing. IDW
32%
___ years in the future is when Silver lives. While the time is usually peaceful, due to Iblis being gone, when something goes wrong mysterious portals to the past appear. 200
28%
Sonic and Tails are caught in a storm and wash up on Blaze's world. They are rescued by Marine and are reunited with Blaze. However, the Jeweled _______ is stolen right before their eyes, and they end up chasing pirates. Sonic and his friends defeat Dr. Eggman and Eggman Nega, who were controlling the pirates, and retrieve the Jeweled _______. Scepter
28%
Sage, Eggman’s AI, accessed the Ancients' technology and used them on Sonic to protect Dr. Eggman. ___ ___, who is trapped in cyberspace due to Ancients, tells Sonic to defeat them. When he does, it manifests as a moon and plots to destroy the world. After realizing the true enemy, Sonic and Sage defeat ___ ___ and save the world. The End
24%
Lumina, the guardian spirit of Marginal World, summons Sonic and his friends to stop ____ from conquering Marginal World. Sonic and Lumina use magic cards and the Force Jewels to save Marginal World from the brink of collapse. Void
24%
Dr. Eggman has discovered the Reverie, an ancient device capable of making dreams come true. Upon learning of the doctor's plans to conquer the world using this object, Sonic and his friends travel through the villain's dreamscapes to thwart his ambitions, with the help of _____. Ariem
20%
Dr. Eggman steals the Ultimate Energy Engine developed by _____ __ of the Donpa Kingdom and plots to use it for evil purposes. However, just as he igets it, he is defeated by Sonic and his friends, and his ambitions are thwarted. Dodon Pa
20%
Dr. Eggman disguises himself as ____ ___ in order to embed the biodata of Sonic and the other racers into a disguised Metal Sonic. He holds the World Grand Prix, a global competition of extreme gear, where the winner will be awarded a huge prize. Metal Sonic unveils himself and challenges Sonic to a race, which he loses. King Doc
12%
Sonic shatters the _______ _____, which destroys the world and creates alternate universes. Sonic gathers the pieces of the prism with Nine, and is able to go back and prevent the gemstone from shattering. Paradox Prism
12%
No matching quizzes found
Score Distribution
Percent of People with Each Score
Percentile by Number Answered
Your Score History
You have not taken this quiz